Economics : The basics
Saved in:
| Main Author: | |
|---|---|
| Format: | Sách |
| Language: | Undetermined |
| Published: |
Mc Graw-Hill Irwin
2009
|
| Subjects: | |
| Tags: |
Add Tag
No Tags, Be the first to tag this record!
|
| Institutions: | Trung tâm Thư viện - Trường Đại học Công nghiệp TP. Hồ Chí Minh |
|---|
| LEADER | 00475nam a2200157Ia 4500 | ||
|---|---|---|---|
| 001 | UIH_05132 | ||
| 008 | 231011s9999 xx 000 0 und d | ||
| 082 | |a 330 | ||
| 100 | |a Mandel, Michael J | ||
| 245 | 0 | |a Economics : The basics | |
| 245 | 0 | |c Mandel, Michael J | |
| 260 | |b Mc Graw-Hill Irwin | ||
| 260 | |c 2009 | ||
| 650 | |a Economics; Kinh tế; | ||
| 927 | |a Sách | ||
| 980 | |a Trung tâm Thư viện - Trường Đại học Công nghiệp TP. Hồ Chí Minh | ||